One woman's opinion : the collection

Bibliographic Details
Main Author: Miraflor, Norma
Other Authors: Matthews, Andrew
Format: Book
Published: Singapore : Media Masters Pte Ltd
Subjects:

MARC

LEADER 00000cam a2200000 7i4500
001 0000008922
002 000009722
005 20020912.0
020 |a 9810019521 
090 0 0 |a 305.4   |b MIR 
100 1 |a Miraflor, Norma 
245 1 0 |a One woman's opinion :   |b the collection   |c Norma Miraflor 
260 |a Singapore :   |b Media Masters Pte Ltd 
300 |a 193p. ;   |c 17cm. 
650 0 0 |a Feminism 
700 1 |a Matthews, Andrew 
999 |a 027807   |b BUKU   |c PINJAMAN   |e PERPUSTAKAAN KOMUNITI PETALING JAYA 
999 |a 027808   |b BUKU   |c PINJAMAN   |e PERPUSTAKAAN KOMUNITI PETALING JAYA